Normal view MARC view
  • Dr. Syed Irtiza Ali shah

Entry Personal Name

Number of records used in: 6

001 - CONTROL NUMBER

  • control field: 17447

003 - CONTROL NUMBER IDENTIFIER

  • control field: NUST

005 - DATE AND TIME OF LATEST TRANSACTION

  • control field: 20190712071618.0

008 - FIXED-LENGTH DATA ELEMENTS

  • fixed length control field: 190712|| aca||aabn | a|a d

040 ## - CATALOGING SOURCE

  • Original cataloging agency: NUST
  • Transcribing agency: NUST

100 ## - HEADING--PERSONAL NAME

  • Personal name: Dr. Syed Irtiza Ali shah

670 ## - SOURCE DATA FOUND

  • Source citation: Work cat.: (NUST): Ali, Imran Nusrat 17445, Development and testing of rotary unmanned aerial vehicle /, 2016.
© 2023 Central Library, National University of Sciences and Technology. All Rights Reserved.